[Event "7th Uppsala Young Champions"]
[Site "Uppsala"]
[Date "2020.10.27"]
[Round "7.17"]
[White "Stalmach, Richard"]
[Black "Muntean, Victor"]
[Result "1-0"]
[WhiteElo "2296"]
[BlackElo "1968"]
[Annotator "TA"]
[PlyCount "85"]
[EventDate "2020.10.23"]
[EventType "swiss"]
[EventCountry "SWE"]
[SourceTitle "playchess.com"]
[Source "ChessBase"]
[SourceQuality "1"]

{[%evp 23,85,64,103,103,98,97,107,96,95,90,120,65,145,130,173,33,34,23,74,30,116,-127,-122,-116,-105,-120,-106,-107,-129,-128,-109,-130,-112,-113,-99,-70,-62,-690,-231,-202,-224,-218,0,0,0,0,0,0,1408,1389,29990,2436,2275,1580,12834,12835,12833,12834,12831,12831,29987,29988,29988,29989]} 1. d4 Nf6 2. c4 g6 3. Nc3 Bg7 4. e4 d6 5. Nf3 O-O 6. Be2 e5 7. Be3 Nc6 8. d5 Ne7 9. Nd2 Ne8 10. f3 f5 11. O-O f4 12. Bf2 g5 13. b4 {E92: King's Indian: Classical: 6 Be2 e5: 7 dxe5, 7 Be3 and Petrosian System without 7...Nbd7.} Ng6 14. c5 Rf7 15. Nc4 {White is better.} Bf8 16. a4 Nf6 17. cxd6 (17. a5 $16) 17... cxd6 (17... Bxd6 $14 18. Qb3 (18. Nxd6 cxd6 19. a5 Bd7 $16) 18... Qf8) 18. Nb5 $1 $16 {[#]} g4 $146 ({Predecessor:} 18... Rg7 19. Nxa7 Rxa7 20. Bb6 Qe8 21. Bxa7 Nh4 22. Nb6 g4 23. Nxc8 Nxg2 24. fxg4 Qxc8 25. Kxg2 {1-0 (32) Erden,K (2213)-Karacan,C (1673) Edirne 2013}) 19. fxg4 ({White must play} 19. Bxa7 $18 {Black must now prevent Bb6.} gxf3 20. Bxf3) 19... Nxe4 $14 20. Bxa7 {aiming for Bb6.} Bd7 $1 21. Bb6 Qg5 (21... Qf6 $11 {keeps the balance.}) 22. Nc7 $2 (22. Qd3 $16 {keeps the pressure on.} Bxb5 23. axb5 Rxa1 24. Rxa1) 22... Nc3 $1 $17 {[%csl LRa4,LRd1][%mdl 64] Double Attack} 23. Qc2 Nxe2+ 24. Qxe2 Bxg4 25. Qa2 Rc8 26. Ne6 Qh5 {Hoping for ...Be2.} 27. Nxf8 Rcxf8 28. Nxd6 Rg7 $1 29. Ne4 Nh4 30. Bd8 $2 {[%mdl 8192] [#]} (30. d6+ $15 Kh8 31. Ng3) 30... Bf3 $2 (30... Nf3+ $1 {[%mdl 512]} 31. Rxf3 (31. gxf3 Bxf3+) 31... Bxf3 32. d6+ Kh8) 31. d6+ $19 Kh8 32. Bf6 ({Don't go for} 32. Nf6 $2 Qh6 $19) 32... Rxf6 $2 (32... Bxe4 $19 33. Bxg7+ Kxg7) 33. Nxf6 $11 {d7 would kill now.} Qf5 34. Rxf3 Nxf3+ 35. Kh1 {Threatens to win with Rc1.} Nh4 $2 {[%mdl 8192]} (35... Ng5 $11 36. Ne8 (36. Rc1 Nf7 $11) 36... Rd7) 36. Rc1 $18 f3 37. d7 (37. g4 $142 Qd7 38. Nxd7 Rxd7 39. Rc8+ Kg7 40. Qe6 $1 {[%mdl 576] Double Attack} Rf7 41. Qxe5+ Rf6 42. Rc7+ {[%mdl 64] Double Attack} Kh8 43. Qxf6+ {[%mdl 64] Double Attack} Kg8 44. Qg7#) 37... fxg2+ {[#]} 38. Qxg2 $1 {[%mdl 576] Promotion} Rxg2 39. d8=Q+ Kg7 {[#]} 40. Rc7+ $1 {[%mdl 64] Double Attack} Kh6 41. Rxh7+ Kg5 42. Nd5+ Kg4 43. Ne3+ {[%mdl 64] Double Attack. What a bad dream for Black. Av CentiPawn Loss W=-94/B=-167. Weighted=-114/-251} 1-0

[Event "7th Uppsala Young Champions"]
[Site "Uppsala"]
[Date "2020.10.27"]
[Round "7.18"]
[White "Grahn, Vidar"]
[Black "Crevatin, Leo"]
[Result "0-1"]
[WhiteElo "1864"]
[BlackElo "2181"]
[Annotator "ChessBase"]
[PlyCount "112"]
[EventDate "2020.10.23"]
[EventType "swiss"]
[EventCountry "SWE"]
[SourceTitle "playchess.com"]
[Source "ChessBase"]
[SourceQuality "1"]
[TimeControl "5400+30"]

1. e4 {[%emt 0:00:00]} c6 {[%emt 0:00:00]} 2. d3 {[%emt 0:00:00]} d5 {[%emt 0:00:00]} 3. Nd2 {[%emt 0:00:00]} e5 {[%emt 0:00:56]} 4. Ngf3 {[%emt 0:00:00]} Bd6 {[%emt 0:00:05]} 5. g3 {[%emt 0:00:02]} Nf6 {[%emt 0:00:42]} 6. Bg2 {[%emt 0:00:10]} O-O {[%emt 0:00:56]} 7. O-O {[%emt 0:00:14]} Re8 {[%emt 0:04:46]} 8. Re1 {[%emt 0:00:13]} Nbd7 {[%emt 0:01:08]} 9. b3 {[%emt 0:00:31]} a5 {[%emt 0:02:22]} 10. a3 {[%emt 0:00:14]} Nf8 {[%emt 0:04:13]} 11. Bb2 {[%emt 0:00:24]} Ng6 {[%emt 0:01:30]} 12. d4 {[%emt 0:01:37]} Bg4 {[%emt 0:13:38]} 13. dxe5 {[%emt 0:10:30]} Bxe5 {[%emt 0:02:22]} 14. Bxe5 {[%emt 0:00:26]} Nxe5 {[%emt 0:01:01]} 15. exd5 {[%emt 0:02:14]} Nxd5 {[%emt 0:03:42]} 16. c4 {[%emt 0:02:23]} Nc3 {[%emt 0:10:59]} 17. Qc2 {[%emt 0:02:03]} Qd3 {[%emt 0:06:42]} 18. Qxd3 {[%emt 0:05:00]} Nxd3 {[%emt 0:00:05]} 19. Rxe8+ {[%emt 0:00:55]} Rxe8 {[%emt 0:00:02]} 20. Kf1 {[%emt 0:01:33]} Re2 {[%emt 0:02:42]} 21. Kg1 {[%emt 0:03:35]} Rxf2 {[%emt 0:04:36]} 22. Rf1 {[%emt 0:02:27]} Re2 {[%emt 0:05:52]} 23. Nb1 {[%emt 0:03:10]} Nxb1 {[%emt 0:01:59]} 24. Rxb1 {[%emt 0:00:16]} Rb2 {[%emt 0:00:41]} 25. Rxb2 {[%emt 0:02:12]} Nxb2 {[%emt 0:00:07]} 26. Nd2 {[%emt 0:00:49]} Be6 {[%emt 0:00:52]} 27. Bf1 {[%emt 0:01:40]} Nd1 {[%emt 0:05:34]} 28. Be2 {[%emt 0:01:45]} Ne3 {[%emt 0:00:39]} 29. Kf2 {[%emt 0:01:45]} Nc2 {[%emt 0:00:29]} 30. Nb1 {[%emt 0:02:20]} Nd4 {[%emt 0:03:08]} 31. Nd2 {[%emt 0:01:27]} c5 {[%emt 0:00:47]} 32. Ke3 {[%emt 0:05:59]} Nxe2 {[%emt 0:01:36]} 33. Kxe2 {[%emt 0:00:17]} Bf5 {[%emt 0:00:59]} 34. Kd1 {[%emt 0:01:29]} f6 {[%emt 0:00:55]} 35. Kc1 {[%emt 0:01:23]} Kf7 {[%emt 0:00:05]} 36. Kb2 {[%emt 0:00:20]} Ke6 {[%emt 0:00:34]} 37. b4 {[%emt 0:02:27]} axb4 {[%emt 0:03:13]} 38. axb4 {[%emt 0:00:06]} cxb4 {[%emt 0:01:26]} 39. Kb3 {[%emt 0:00:05]} g5 {[%emt 0:00:36]} 40. Kxb4 {[%emt 0:00:13]} Bh3 {[%emt 0:03:10]} 41. Ne4 {[%emt 0:01:43]} Bg2 {[%emt 0:00:41]} 42. Nc5+ {[%emt 0:00:10]} Kd6 {[%emt 0:00:37]} 43. Kb5 {[%emt 0:00:52]} f5 {[%emt 0:00:32]} 44. Nd3 {[%emt 0:00:49]} Be4 {[%emt 0:00:36]} 45. Nf2 {[%emt 0:00:26]} Ke5 {[%emt 0:01:40]} 46. Kc5 {[%emt 0:01:30]} h6 {[%emt 0:01:36]} 47. Kb6 {[%emt 0:03:12]} Kd4 {[%emt 0:00:24]} 48. c5 {[%emt 0:00:38]} Bd5 {[%emt 0:00:41]} 49. Kc7 {[%emt 0:00:47]} Kxc5 {[%emt 0:00:51]} 50. Kd7 {[%emt 0:00:37]} Kd4 {[%emt 0:00:42]} 51. Ke7 {[%emt 0:00:23]} Bf3 {[%emt 0:00:09]} 52. h4 {[%emt 0:00:53]} g4 {[%emt 0:00:58]} 53. h5 {[%emt 0:00:36]} b5 {[%emt 0:00:21]} 54. Kf6 {[%emt 0:00:44]} b4 {[%emt 0:00:04]} 55. Kg6 {[%emt 0:00:07]} b3 {[%emt 0:00:04]} 56. Kxh6 {[%emt 0:00:21]} b2 {[%emt 0:00:02]} 0-1

[Event "7th Uppsala Young Champions"]
[Site "Uppsala"]
[Date "2020.10.27"]
[Round "7.19"]
[White "Ruzic, Pia Marie"]
[Black "Ostensson, Julia"]
[Result "1-0"]
[WhiteElo "1929"]
[BlackElo "1562"]
[Annotator "NA"]
[PlyCount "93"]
[EventDate "2020.10.23"]
[EventType "swiss"]
[EventCountry "SWE"]
[SourceTitle "playchess.com"]
[Source "ChessBase"]
[SourceQuality "1"]
[TimeControl "5400+30"]

1. c4 {[%emt 0:00:00]} g6 {[%emt 0:00:00]} 2. Nf3 {[%emt 0:00:09]} Nf6 {[%emt 0:00:20]} 3. Nc3 {[%emt 0:00:09]} Bg7 {[%emt 0:00:11]} 4. g3 {[%emt 0:00:30]} O-O {[%emt 0:00:21]} 5. Bg2 {[%emt 0:00:06]} d6 {[%emt 0:01:12]} 6. O-O {[%emt 0:00:12]} Nc6 {[%emt 0:01:13]} 7. d3 {[%emt 0:00:29] 7.d4 is more fashionable.} Nh5 {[%emt 0:01:03]} 8. Rb1 {[%emt 0:02:07]} f5 {[%emt 0:02:50]} 9. Nd5 {[%emt 0:09:58] A16: English Opening: 1...Nf6 with ...d5.} h6 {[%emt 0:22:27]} (9... a5 $11) 10. b4 {[%emt 0:08:10]} e5 {[%emt 0:06:35]} 11. b5 {[%emt 0:03:19]} Ne7 {[%emt 0:01:13]} 12. Nd2 {[%emt 0:00:45]} f4 {[%emt 0:03:30]} 13. Nxe7+ {[%emt 0:05:34]} Qxe7 {[%emt 0:00:08]} 14. Ne4 {[%emt 0:00:05] [#]} Be6 $146 {[%emt 0:24:56]} ({Predecessor:} 14... g5 15. Bd2 Nf6 16. Bb4 Nxe4 17. Bxe4 Bh3 18. Bg2 Bxg2 19. Kxg2 e4 20. Qc2 f3+ 21. exf3 exf3+ {0-1 (29) Pupak,T (2016)-Hanko,P (2141) Slovakia 2014}) 15. Ba3 {[%emt 0:11:31]} Nf6 {[%emt 0:17:37]} (15... a6 $11) 16. Nxf6+ {[%emt 0:00:48] Discovered Attack} Rxf6 {[%emt 0:01:30]} 17. Bxb7 {[%emt 0:00:15]} Raf8 {[%emt 0:00:52]} 18. Bg2 {[%emt 0:00:18]} Qf7 {[%emt 0:03:14]} (18... Bg4 $16) 19. Rc1 {[%emt 0:05:52]} ({White should try} 19. Qa4 $18) 19... Rd8 {[%emt 0:06:14]} ({Black should try} 19... h5 $14) 20. Bb2 {[%emt 0:02:17]} Rf5 {[%emt 0:03:58]} (20... fxg3 $142 21. fxg3 (21. hxg3 Rf8 $16) 21... Rxf1+ 22. Qxf1 Bf6) 21. e4 {[%emt 0:04:20]} (21. Qa4 $18 {has better winning chances.}) 21... Rh5 {[%emt 0:00:34]} ({Black should play} 21... Rf6) 22. h4 {[%emt 0:01:36]} g5 $18 {[%emt 0:00:21]} (22... Bf6 $16 {was worth a try.} 23. c5 Rb8 24. cxd6 cxd6) 23. Bf3 {[%emt 0:00:21]} g4 {[%emt 0:00:24]} 24. Bxg4 {[%emt 0:00:07]} Bxg4 {[%emt 0:00:22]} 25. Qxg4 {[%emt 0:00:06]} Kh7 {[%emt 0:00:46]} 26. c5 {[%emt 0:12:09]} Bf6 {[%emt 0:00:09]} 27. cxd6 {[%emt 0:00:25]} cxd6 {[%emt 0:00:13]} 28. Rc7 {[%emt 0:00:58]} Qxc7 {[%emt 0:00:38]} 29. Qxh5 {[%emt 0:00:06]} Qg7 {[%emt 0:00:42]} 30. Kh2 {[%emt 0:01:20]} Rg8 {[%emt 0:00:15]} 31. Rg1 {[%emt 0:00:52]} f3 {[%emt 0:01:08]} 32. Rc1 {[%emt 0:02:26]} Bd8 {[%emt 0:00:32]} 33. d4 {[%emt 0:04:52]} exd4 {[%emt 0:00:26]} 34. Qxf3 {[%emt 0:00:22]} Rf8 {[%emt 0:00:05]} 35. Qg2 {[%emt 0:00:56]} Bb6 {[%emt 0:00:58]} 36. f4 {[%emt 0:02:35]} Qg4 {[%emt 0:00:31]} 37. a4 {[%emt 0:01:34]} Rg8 {[%emt 0:00:27]} 38. a5 {[%emt 0:01:39]} Bxa5 {[%emt 0:00:26]} 39. Bxd4 {[%emt 0:00:07]} Bd2 {[%emt 0:00:12]} 40. Rc7+ {[%emt 0:00:14]} Kg6 {[%emt 0:00:21]} 41. Qxd2 {[%emt 0:00:13]} Kh5 {[%emt 0:01:00]} 42. Bf2 {[%emt 0:00:06]} Qf3 {[%emt 0:00:32]} 43. Qd5+ {[%emt 0:01:45]} Rg5 {[%emt 0:00:32]} 44. Qf7+ {[%emt 0:00:31]} Kg4 {[%emt 0:00:20]} 45. Qe6+ {[%emt 0:00:23]} Kh5 {[%emt 0:00:09]} 46. Rc2 {[%emt 0:00:12]} Qd1 {[%emt 0:00:55]} 47. fxg5 {[%emt 0:00:13]} 1-0

[Event "7th Uppsala Young Champions"]
[Site "Uppsala"]
[Date "2020.10.27"]
[Round "7.20"]
[White "Skahlberg Bjerknes-Lima de Far, Warg"]
[Black "Buchert, Matthaus"]
[Result "1-0"]
[WhiteElo "1759"]
[BlackElo "1427"]
[Annotator "NA"]
[PlyCount "59"]
[EventDate "2020.10.23"]
[EventType "swiss"]
[EventCountry "SWE"]
[SourceTitle "playchess.com"]
[Source "ChessBase"]
[SourceQuality "1"]
[TimeControl "5400+30"]

1. c4 {[%emt 0:00:00]} e5 {[%emt 0:00:00]} 2. Nc3 {[%emt 0:00:00]} Nc6 {[%emt 0:00:00]} 3. g3 {[%emt 0:00:12]} f5 {[%emt 0:00:03]} 4. Bg2 {[%emt 0:00:26]} Nf6 {[%emt 0:00:22]} 5. d3 {[%emt 0:00:12]} Bb4 {[%emt 0:00:13]} 6. Bd2 {[%emt 0:01:00]} O-O {[%emt 0:02:11]} 7. Nf3 {[%emt 0:05:29]} d6 {[%emt 0:01:49]} 8. a3 {[%emt 0:01:18]} Bxc3 {[%emt 0:00:58]} 9. Bxc3 {[%emt 0:00:02]} Qe8 {[%emt 0:02:58]} 10. O-O {[%emt 0:01:55]} Qh5 {[%emt 0:02:40]} 11. b4 {[%emt 0:08:01]} f4 {[%emt 0:08:13]} 12. b5 {[%emt 0:10:14]} Ne7 {[%emt 0:00:39]} 13. c5 {[%emt 0:00:33]} Kh8 {[%emt 0:16:04]} 14. cxd6 {[%emt 0:22:34]} Ng6 {[%emt 0:15:44]} 15. Bb4 {[%emt 0:11:28]} cxd6 {[%emt 0:11:30]} 16. Qc2 {[%emt 0:04:56]} Nd5 {[%emt 0:23:29]} 17. Bxd6 {[%emt 0:11:58]} Rd8 {[%emt 0:02:12]} 18. Bc7 {[%emt 0:11:05]} Rd7 {[%emt 0:00:43]} 19. Ba5 {[%emt 0:00:24]} b6 {[%emt 0:00:21]} 20. Bd2 {[%emt 0:03:03]} Rc7 {[%emt 0:00:54]} 21. Qb2 {[%emt 0:00:19]} Bb7 {[%emt 0:03:33]} 22. Rfc1 {[%emt 0:00:18]} Re7 {[%emt 0:01:07]} 23. Rc4 {[%emt 0:01:30]} Nf6 {[%emt 0:02:05]} 24. Rac1 {[%emt 0:01:33]} e4 {[%emt 0:01:51]} 25. dxe4 {[%emt 0:01:00]} Nxe4 {[%emt 0:00:35]} 26. Bb4 {[%emt 0:01:33]} Qxb5 {[%emt 0:00:52]} 27. a4 {[%emt 0:00:57]} Qd7 {[%emt 0:00:55]} 28. Bxe7 {[%emt 0:00:24]} Qxe7 {[%emt 0:00:08]} 29. Rc7 {[%emt 0:00:28]} Qa3 {[%emt 0:01:48]} 30. Qxg7# {[%emt 0:00:20]} 1-0

[Event "7th Uppsala Young Champions"]
[Site "Uppsala"]
[Date "2020.10.28"]
[Round "8.1"]
[White "Seo, Jung Min"]
[Black "Pantzar, Milton"]
[Result "1-0"]
[WhiteElo "2455"]
[BlackElo "2410"]
[Annotator "TA"]
[PlyCount "81"]
[EventDate "2020.10.23"]
[EventType "swiss"]
[EventCountry "SWE"]
[SourceTitle "playchess.com"]
[Source "ChessBase"]
[SourceQuality "1"]

{[%evp 13,81,12,31,12,31,27,29,28,29,35,43,28,36,40,40,39,50,35,55,27,76,43,39,32,33,-22,36,0,106,102,129,122,139,122,152,158,132,100,119,85,175,173,371,370,464,361,437,447,444,397,397,379,372,332,406,362,439,439,739,740,715,707,712,698,1084,1199,1215,1072,1926,1853]} 1. e4 c6 2. d4 d5 3. exd5 cxd5 4. Bd3 Nc6 5. c3 Qc7 6. h3 Nf6 7. Nf3 g6 8. Qc2 Bg7 9. O-O O-O 10. Re1 {White has an edge.} Nh5 11. Qd1 Re8 12. Nbd2 Nf4 13. Bf1 Bf5 14. Nb3 Rad8 15. Be3 f6 16. Qd2 g5 17. h4 (17. Bxf4 $5 gxf4 18. Nh4 $14) 17... h6 18. hxg5 hxg5 19. c4 (19. Bxf4 $14 Qxf4 20. Qxf4 gxf4 21. Nc5) 19... e6 (19... Be4 $1 $11) 20. Nc5 (20. Bxf4 $5 Qxf4 21. Qxf4 gxf4 22. Nc5 $14) 20... b6 (20... Ng6 $11 {keeps the balance.}) 21. Na6 $36 {[%mdl 2048] Black is under strong pressure.} Qd6 22. c5 bxc5 23. dxc5 Qd7 24. Bxf4 gxf4 25. Qxf4 e5 26. Qa4 {[#] Black must now prevent Bb5.} Rc8 (26... Nd4 $16 27. Qxd7 Nxf3+ 28. gxf3 Rxd7) 27. Rad1 $18 {Bb5 is the strong threat.} d4 $2 (27... Nd4 {was worth a try.} 28. Qxd7 Nxf3+ 29. gxf3 Bxd7) 28. Bb5 Bg4 29. Nb4 {[%cal Rb4c6]} Bxf3 30. gxf3 Re6 31. Bxc6 Rexc6 32. Nxc6 Rxc6 33. Qc4+ Kf8 34. Kf1 f5 35. b4 {White is clearly winning.} e4 (35... Qf7 $142 36. Qxf7+ Kxf7) 36. fxe4 fxe4 37. Rxe4 Qh3+ 38. Ke2 {[#] Strongly threatening Qd5.} Rf6 {And now ...Qf3+ would win.} 39. Qxd4 {Threatening mate with Qd8+.} Qf3+ 40. Kd2 {Intending Qd8+ and mate.} Kg8 41. Qd5+ {Av CentiPawn Loss W=-19/B=-77. Weighted=-18/-89} 1-0

[Event "7th Uppsala Young Champions"]
[Site "Uppsala"]
[Date "2020.10.28"]
[Round "8.2"]
[White "Storme, Isak"]
[Black "Van Dael, Siem"]
[Result "0-1"]
[WhiteElo "2393"]
[BlackElo "2285"]
[Annotator "TA"]
[PlyCount "104"]
[EventDate "2020.10.23"]
[EventType "swiss"]
[EventCountry "SWE"]
[SourceTitle "playchess.com"]
[Source "ChessBase"]
[SourceQuality "1"]

{[%evp 9,104,42,51,21,18,7,30,8,13,8,14,9,20,20,16,0,0,0,0,0,0,-7,0,-7,-7,-16,-12,-16,-8,-7,6,6,0,0,8,14,17,18,25,0,0,0,17,16,13,15,34,43,54,29,23,31,29,23,31,31,31,31,31,24,31,0,0,2,0,0,3,0,-2,-5,-7,-112,-110,-149,-95,-360,-291,-276,-279,-417,-273,-1379,-1397,-1347,-1332,-1335,-1319,-1103,-958,-1436,-1370,-2025,-2131,-2342,-1940,-2216,-1621]} 1. e4 g6 2. d4 Bg7 3. Nf3 d6 4. Bc4 e6 5. Qe2 Ne7 6. Bb3 {B06: Modern Defence.} b6 7. Nbd2 Bb7 8. O-O {White has an edge.} O-O 9. c3 c5 10. Rd1 Qc7 11. Nf1 Ba6 12. Bc4 Bxc4 13. Qxc4 d5 14. Qe2 cxd4 15. Nxd4 Nbc6 16. Nxc6 Qxc6 17. Bg5 f6 18. exd5 Nxd5 19. Bd2 Rfe8 20. c4 Nc7 21. Bb4 Bf8 (21... Rad8 {is more complex.} 22. Bc3 e5 23. Ne3 Bh6 24. Ng4 Bg7) 22. Bxf8 Rxf8 23. Ne3 Rad8 24. Rd2 e5 25. Rad1 Rxd2 26. Qxd2 Ne6 27. Qd6 Qxd6 28. Rxd6 $11 {[%mdl 4096] Endgame KRN-KRN} Nc5 29. b4 Ne4 30. Rc6 Nc3 31. a3 f5 32. c5 Ne2+ 33. Kf1 Nd4 34. Rc7 {Threatens to win with c6.} Rf7 35. cxb6 axb6 36. Rc8+ Kg7 37. Nc4 Ra7 38. g3 e4 39. h4 b5 40. Na5 (40. Ne3 $11) 40... Rd7 $17 41. Rb8 Nf3 (41... Rc7 $142 42. Nb7 Rc1+ 43. Kg2 Nf3) 42. Ke2 $2 {[%mdl 8192] This costs White the game.} (42. Rb7 $17 {was called for.} Rxb7 43. Nxb7) 42... Rd2+ $19 43. Ke3 Rd3+ 44. Kf4 (44. Ke2 $142) 44... Nh2 {[#] Hoping for ...Ng4.} 45. Ke5 $2 (45. Nc6 Rf3+ {[%mdl 64] Double Attack} 46. Ke5) 45... Ng4+ {Black is clearly winning.} 46. Ke6 Nxf2 47. Nc6 e3 48. Rb7+ Kh6 {[#] And now ...e2 would win.} 49. Ne7 Kh5 50. Nc6 h6 51. Ne5 e2 52. g4+ Kxh4 {Av CentiPawn Loss W=-67/B=-32. Weighted=-111/-26} 0-1

[Event "7th Uppsala Young Champions"]
[Site "Uppsala"]
[Date "2020.10.28"]
[Round "8.3"]
[White "Johnson, Daniel"]
[Black "Blohberger, Felix"]
[Result "0-1"]
[WhiteElo "2100"]
[BlackElo "2467"]
[Annotator "TA"]
[PlyCount "102"]
[EventDate "2020.10.23"]
[EventType "swiss"]
[EventCountry "SWE"]
[SourceTitle "playchess.com"]
[Source "ChessBase"]
[SourceQuality "1"]

{[%evp 9,102,22,32,16,19,-6,-2,0,10,-2,6,7,7,14,11,9,19,0,15,0,12,0,23,21,14,16,25,0,0,0,7,0,0,0,6,0,0,0,0,-33,-33,-33,-33,-32,-32,-97,-95,-94,-94,-97,-97,-96,-85,-96,-93,-97,-93,-93,-81,-107,-107,-91,-91,-171,-125,-125,-125,-125,-107,-173,-163,-170,-157,-191,-124,-389,-367,-623,-610,-720,-668,-612,-578,-2936,-2514,-29975,-29976,-29967,-29967,-29977,-29978,-29983,-29978,-29963,-11464]} 1. Nf3 g6 2. g3 b6 3. Bg2 Bb7 4. c4 Bg7 5. d4 Nf6 6. Nc3 Ne4 7. Qc2 Nxc3 8. Qxc3 {The position is equal.} c5 9. O-O cxd4 10. Nxd4 Bxg2 11. Kxg2 Qc8 12. Be3 Qb7+ 13. Kg1 Nc6 14. Rac1 O-O 15. Qd2 Ne5 16. Rfd1 Rac8 17. b3 {[%cal Bb2b3,Bb3b4,Bb4b5][%mdl 32]} Ng4 18. h3 (18. Bg5 {is more complex.} f6 19. Be3 Rfd8 20. Nb5 Nxe3 21. Qxe3 Kf7 22. f3) 18... Nxe3 19. Qxe3 d6 20. h4 a6 21. a4 Rc5 22. b4 Rc7 23. b5 Bxd4 24. Qxd4 Rfc8 25. Rc3 Rc5 26. e4 Qc7 {[%cal Rc5c4]} 27. Rb1 (27. Rdc1 $15) 27... axb5 $17 28. Rxb5 Rxc4 29. Rxc4 Qxc4 30. Qxc4 Rxc4 {[%mdl 4096] Endgame KR-KR} 31. e5 Rc5 {Threatens to win with ...Rxb5.} 32. Rxb6 Rxe5 33. Rb7 e6 34. Rd7 Re1+ 35. Kg2 d5 36. Kf3 (36. a5 $17) 36... Kg7 37. a5 Ra1 38. Ra7 Ra3+ 39. Ke2 {[#]} (39. Kg2 $17 {was called for.}) 39... h5 $1 $19 40. a6 Kf6 41. Kd2 {[#]} e5 $1 42. Ra8 $2 {[%mdl 8192] This costs White the game.} (42. Kc2 $17) 42... Ra2+ 43. Ke3 $2 (43. Kc3 Kf5 44. Kb4) 43... d4+ 44. Ke4 Rxf2 45. Kd5 Ra2 46. Kc6 d3 47. Kb7 d2 {Black mates.} 48. Rd8 e4 49. a7 e3 50. Rd3 Rxa7+ {[%mdl 64] Promotion} 51. Kxa7 e2 {Av CentiPawn Loss W=-65/B=-40. Weighted=-81/-20} 0-1

[Event "7th Uppsala Young Champions"]
[Site "Uppsala"]
[Date "2020.10.28"]
[Round "8.4"]
[White "Stefansson, Vignir Vatnar"]
[Black "Sorensen, Hampus"]
[Result "0-1"]
[WhiteElo "2313"]
[BlackElo "2393"]
[Annotator "TA"]
[PlyCount "76"]
[EventDate "2020.10.23"]
[EventType "swiss"]
[EventCountry "SWE"]
[SourceTitle "playchess.com"]
[Source "ChessBase"]
[SourceQuality "1"]

{[%evp 9,76,-16,0,-9,-5,-2,-2,-6,9,9,9,9,12,-25,-35,-29,-31,-28,-27,-31,-41,-122,-126,-185,-177,-190,-177,-187,-176,-169,-145,-278,-222,-218,-214,-243,-247,-242,-229,-236,-226,-259,-259,-295,-295,-337,-321,-335,-316,-402,-383,-373,-318,-313,-317,-313,-312,-309,-305,-318,-250,-262,-257,-275,-268,-304,-270,-418,-412]} 1. d4 d5 2. c4 c6 3. Nc3 Nf6 4. cxd5 cxd5 5. f3 Nc6 6. e4 {D10: Slav Defence: 3 cxd5 (without early Nf3) and 3 Nc3.} dxe4 7. d5 Ne5 8. fxe4 {The position is equal.} a6 9. Qd4 Qd6 10. Bf4 Nfd7 11. Qa4 g6 12. Bxe5 Qxe5 13. Nf3 Qf4 14. Qd4 Nf6 15. d6 (15. Bc4 $15) 15... Qxd6 $17 16. e5 (16. Qxd6 $17 exd6 17. Bc4) 16... Qxd4 $19 17. Nxd4 Ng4 18. Nd5 {[#] Threatens to win with Nc7+.} Rb8 19. Rd1 {Black must now prevent Nc6!} Bh6 20. Nc7+ (20. Nf3 $17 {was called for.}) 20... Kd7 21. Nd5 Nxe5 22. Be2 e6 23. Nb6+ Kc7 24. Nxc8 Rbxc8 25. Kf2 Kb8 26. g4 Nc4 27. Bxc4 Rxc4 28. b3 Rc3 29. Nf3 Bf4 30. Rhe1 h5 31. g5 Rc2+ 32. Re2 Rxe2+ 33. Kxe2 {[%mdl 4096] Endgame KRB-KRN} Kc7 34. Rd4 Bd6 35. Kd3 Rd8 36. Ke4 Kd7 37. a4 Ke7 38. b4 (38. Rc4 {was necessary.}) 38... Rc8 {Black took control after the opening. Av CentiPawn Loss W=-24/B=-10. Weighted=-28/-9} 0-1